Zeszyty naukowe Uniwersytetu Jagiellońskiego. Universitas Jagellonica Cracoviensis acta scientiarum litterarumque. Schedae historicae. Prace historyczne

Detalles Bibliográficos
Título anterior:Zeszyty naukowe Uniwersytetu Jagiellońskiego. Seria nauk społecznych. Historia
Autor Corporativo: Uniwersytet Jagielloński
Formato: Electrónico Seriadas
Lenguaje:polaco
francés
alemán
Publicado: Kraków : Nakł. Uniwersytetu, 1960-
Colección:Zeszyty naukowe Uniwersytetu Jagiellońskiego.
Materias:
Acceso en línea:Full text available from Research Library: 01/01/2011 to present

MARC

LEADER 00000nas a2200000 a 4500
001 ssj0000685494
003 WaSeSS
005 20200512172242.0
006 m d
007 cr n
008 830916c19609999pl x m s s0 0pol c
010 |a  62041564  
022 |l 0083-4351  |y 0083-4351 
035 |a (WaSeSS)ssj0000685494 
040 |a NDD  |b eng  |c NDD  |d OCL  |d IUL  |d DLC  |d WAU  |d NLGGC  |d NUKAT  |d OCLCQ  |d GZM  |d OCLCF  |d OCL  |d DLC  |d OCLCQ  |d WaSeSS 
041 0 |a pol  |a fre  |a ger 
042 |a pcc 
043 |a e-pl--- 
050 0 0 |a DK4010  |b .K73a 
082 0 4 |a 943.8008  |b K89P 
245 0 0 |a Zeszyty naukowe Uniwersytetu Jagiellońskiego.  |p Prace historyczne  |h [electronic resource] =  |b Universitas Jagellonica Cracoviensis acta scientiarum litterarumque. Schedae historicae. 
246 1 |i Zesz. <67> have French title:  |a Bulletin scientifique de l'Université jagiellone. Série historique 
246 1 |i Zesz. <69> have French title:  |a Cahiers scientifiques de l'Université jagiellone. Série Histoire 
246 3 0 |a Prace historyczne 
246 3 1 |a Universitatis Jagellonica Cracoviensis acta scientiarum litterarumque.  |p Schedae historicae 
260 |a Kraków :  |b Nakł. Uniwersytetu,  |c 1960- 
310 |a Quarterly,  |b <2013-> 
321 |a Irregular,  |b 1960 
362 1 |a Began in 1960 with: Zesz. 4. 
490 1 |a Zeszyty naukowe Uniwersytetu Jagiellońskiego 
500 |a Zeszyt 24-25, 33, 36, 41-44, 46-47, 52-53, 58, 60-67, 69, 72-73, 76-79, 81, 87-89, 93-96, 99, 103-106,110-111, 114-118, 120, 123, and 129 cataloged as monographs in LC.  |5 DLC 
506 |a License restrictions may limit access. 
515 |a Numbering in volumes for <2013-> consists of volume and zeszyt number; zeszyt numbered 1- from the beginning of each year. 
546 |a In Polish, French, and German. 
588 |a Description based on: Zeszyt 4, published in 1960; title from title page. 
588 |a Latest issue consulted: 140, zeszyt 4 (2013). 
650 0 |a History. 
650 7 |a History  |2 fast  |0 (OCoLC)fst00958235 
650 1 7 |a Neoplatonisme.  |2 gtt 
650 1 7 |a Receptie.  |2 gtt 
650 7 |a Historia  |v czasopisma.  |2 jhpk 
651 0 |a Poland  |x History. 
651 7 |a Poland.  |2 fast  |0 (OCoLC)fst01206891 
655 0 |a Electronic journals. 
710 2 |a Uniwersytet Jagielloński. 
780 0 0 |t Zeszyty naukowe Uniwersytetu Jagiellońskiego. Seria nauk społecznych. Historia  |w (DLC) 93656504  |w (OCoLC)11500868 
830 0 |a Zeszyty naukowe Uniwersytetu Jagiellońskiego. 
850 |a DLC  |a WaU 
856 4 0 |z Full text available from Research Library: 01/01/2011 to present  |u https://search.proquest.com/publication/1356350